000 00941nam a2200301Ia 4500
003 OSt
005 20220928125420.0
006 a|||||r|||| 00| 0
007 ta
008 220927b |||||||| |||| 00| 0 eng d
020 _cUSD 72.95
024 _a140843
037 _b108, 05/03/2019, Better Book Service
_cTextual
040 _aSDCL
_cSDCL
_beng
041 _2eng
_aeng
082 _aXM8:6, Q9
100 _aParrino Robert
_9469501
245 0 _aFundamentals of corporate finance
250 _a3rd
260 _aAustralia
_bWiley
_c2019
300 _axvii,731p.
_ccm.
650 _aFinancial Studies
700 _a Dempsey Michael
_9466177
700 _a Kingsbury Nigel Morkel
_9469502
700 _a Yong Hue Hwa Au
_9469503
942 _hXM8:6, Q9
_cTEXL
_2CC
999 _c782168
_d782168